000 00881nam a2200253Ia 4500
003 OSt
005 20221005112434.0
006 a|||||r|||| 00| 0
007 ta
008 221004b |||||||| |||| 00| 0 pan d
020 _a9789352044658 (hbk)
_cINR 395.00
024 _a32909
037 _b794, 06/03/2017, H.K. Prakashan
_cTextual
040 _aCRL
_cCRL
_bpan
041 _2pan
_apan
082 _aO153,2:g, Q6
100 _aਸੀਮਾ, ਥਦ.
_9159534
245 0 _aਆਧੁਨਿਕ ਪੰਜਾਬੀ ਨਾਟਕ ਦੇ ਬਦਲਦੇ ਪਰਿਪੇਖ
260 _aਚੰਡੀਗੜ
_bਯੂਲੀਸਟਾਰ ਭਾਰਤ
_c2016
300 _a212ਪ੍ਰ0
_ccm.
650 _a ਪੰਜਾਬੀ ਨਾਟਕ
942 _hO153,2:g, Q6
_cTEXL
_2cc
999 _c1024901
_d1024901